| 000 | 00717nam a2200205 a 4500 | ||
|---|---|---|---|
| 005 | 20210219160353.0 | ||
| 008 | 081024s1996 mx r 000 0 spa d | ||
| 035 | _aUPN01000164113 | ||
| 049 | _aUNE | ||
| 080 | _a37.017.7 (540) =20 "1996" SAP | ||
| 100 | 1 | _aSapra, C.L. | |
| 245 | 1 | 0 |
_aEducation for international understanding the Indian experience / _cC.L. Sapra. |
| 260 |
_aNew Delhi : _bNational Institute of Educational Planning and Administration, _c1996. |
||
| 300 | _a245 p. | ||
| 500 | _aIncluye bibliografía | ||
| 690 | _aEducacion para la paz- India | ||
| 690 | _aIndia- Educacion para la paz | ||
| 710 | 2 | _aIndia. National Institute of Educational Planning and Administration | |
| 905 | _aUNESCO | ||
| 999 |
_c136226 _d136226 |
||